Ghost and Pals - Songs - Statistics

General Stats
  • This quiz has been taken 45 times
  • The average score is 24 of 49
Answer Stats
Vocaloid(s), if Applicable Album, if Applicable Type Other Artist(s), if Applicable Release Date (Year) Song % Correct
Oliver Thanks to You Song Original Song 2018 Amygdala's Rag Doll
83%
v4 flower Thanks to You Song Original Song 2018 Appetite of a People-Pleaser
83%
Dex Single Original Song 2019 Honey, I'm Home
78%
Gumi Thanks to You Song Original Song 2018 Housewife Radio
72%
Nothing Perfect Instrumental 2018 perfect nothing
72%
Gumi, Yohioloid Single Original Song 2019 The Chattering Lack of Common Sense
72%
Solaria, Kevin Qualia Automata Original Song Collaboration 2023 End-World Normopathy
67%
Kevin Qualia Automata Original Song Collaboration Vane Lily 2022 Reckless Battery Burns
67%
Dex Thanks to You Song Original Song 2018 BLACK&WHITE
61%
Gumi Single Original Song 2018 Candle Queen
61%
Fukase Single Original Song 2016 color bars
61%
Hatsune Miku Single Original Song 2018 Entomologists
61%
v4 flower Single Original Song Collaboration Creep-P 2016 Hyperdontia
61%
Kasane Teto Single Original Song Collaboration 2023 Pathological Facade
61%
Daina Thanks to You Song Original Song 2018 Rotary Dial
61%
Kevin Single Original Song 2022 Uncanny
61%
Solaria Single Original Song 2022 Aura
56%
Fukase Single Original Song 2018 Broadcast Illusion
56%
Yuma, Stardust, Asterian, Kevin Single Original Song 2023 Scapegoat
56%
Kasane Teto, An Xiao Single Original Song/Cover 2023 Scapegoat
56%
Ia Single Original Song 2018 Spider on the Wall
56%
Yohioloid Thanks to You Song Original Song 2018 The Distortionist
56%
Maika Single Original Song 2018 The Things I Deserve
56%
Mai, Asterian Single Original Song Collaboration Vane Lily 2023 Deathbody
50%
v4 flower Single Original Song Collaboration Creep-P 2017 Novocaine
50%
Macne Nana Thanks to You Song Original Song 2018 Star of the Show
50%
Otomachi Una Thanks to You Song Original Song 2017 Two of a Kind
50%
Rana, Utatane Piko Single Remix 2017 Creative
44%
I HAD TO DIE TO SURVIVE Instrumental 2022 CULPABILITY AND THE PANOPTICON
44%
Thanks to You Song Instrumental 2018 Happy Days
44%
I HAD TO DIE TO SURVIVE Instrumental 2023 I Had to Die to Survive
44%
Cong Zheng Qualia Automata Original Song Collaboration Vane Lily 2023 Lamentations
44%
Gumi Single Original Song 2019 Those Who Carried On
44%
Single Instrumental 2023 Adapertio
39%
Single Original Song Collaboration UmbraticForest, B.a.D. 2016 Apotropaism
39%
Kevin, Asterian, Yuma, An Xiao Single Original Song Collaboration 2023 Gone Fishing
39%
Single Instrumental 2019 i dunno i dunno
39%
PRiNZ Single Original song 2018 In Iolite
39%
LUMi Single Original Song 2018 In Iolite
39%
Nothing Perfect Instrumental 2018 Split Idol
39%
Nothing Perfect Instrumental 2017 Only Somewhat Seen
33%
I HAD TO DIE TO SURVIVE Instrumental 2022 PIERRE JANET'S CRIMINAL DEFENSE
33%
Nothing Perfect Instrumental 2018 a hundred years unresolved
28%
Single Instrumental 2017 Coup d'État
28%
Kevin, Mai, Asterian Single Mashup 2023 Uncanny x Deathbody
28%
Utatane Piko Single Original Song 2022 Chevolek/Человек
22%
Single Instrumental 2020 Insecta Apostate
22%
Yuma Single Remake 2022 Spider on the Wall (2022 ver.)
17%
Nothing Perfect Instrumental 2017 cut the act (everything ruined in moments)
11%
No matching quizzes found
Score Distribution
Percent of People with Each Score
Percentile by Number Answered
Your Score History
You have not taken this quiz